000
00212nam a22000857a 4500
008
161201b xxu||||| |||| 00| 0 eng d
100
_9
1686
_a
Pradhan.V
245
_a
The milkmans cow
260
_a
New Delhi
_b
N.D CBT
_c
2007
999
_c
4399
_d
4399